00488nam a22001337a 4500008004100000041000800041080000800049100000700057101000800064245014100072942001200213999001700225952011200242180314b xxu||||| |||| 00| 0 eng d aeng a621 a26 amec apreliminary deisgn for using solar energy in the drying process at the gold kists soy facility decatur alabamacbrown.t 2udccBK c44950d44950 00102udc40708PËKGa002b002cPËKGd2018-03-14l0o621 brop002-3001680r2018-03-14w2018-03-14yBK